Náklady, výkony v podniku poľnohospodárskej výroby bakalárska práca
Enregistré dans:
| Auteur principal: | |
|---|---|
| Collectivité auteur: | |
| Autres auteurs: | |
| Format: | Livre |
| Langue: | slovaque |
| Publié: |
Košice
2014
|
| Tags: |
Pas de tags, Soyez le premier à ajouter un tag!
|
MARC
| LEADER | 00000nbm a2200000 4500 | ||
|---|---|---|---|
| 001 | 0191596 | ||
| 005 | 20170201085033.6 | ||
| 041 | 0 | |a slo | |
| 044 | |a SK | ||
| 245 | 1 | 0 | |a Náklady, výkony v podniku poľnohospodárskej výroby |b bakalárska práca |c Luděk Hamšík ; školiteľ: Branislav Lajoš |
| 264 | 1 | |a Košice |c 2014 | |
| 300 | |a 59 s. | ||
| 100 | 1 | |a Hamšík, Luděk | |
| 700 | 1 | |a Lajoš, Branislav | |
| 710 | 2 | |a Podnikovohospodárska fakulta EU so sídlom v Košiciach. Katedra účtovníctva a financií | |